Statistics for ’74-’75 - The Connells - All Lyrics

Click here to take the quiz!

General Stats

  • This quiz has been taken 4 times
  • The average score is 137 of 203

Answer Stats

Answer% Correct
'74-'75
100%
after
100%
ever
100%
I
100%
on
100%
that
100%
the
100%
was
100%
you
100%
your
100%
do
75%
down
75%
down,
75%
easy,
75%
easy
75%
I'll
75%
It's
75%
it's
75%
me
75%
no
75%
not
75%
one
75%
really
75%
sorry
75%
to
75%
When
75%
you're
75%
And
50%
and
50%
defy
50%
for
50%
Got
50%
in
50%
know
50%
let
50%
like
50%
never
50%
rain
50%
reason
50%
running
50%
same
50%
voice
50%
who
50%
all
25%
better
25%
‘Cause
25%
'cause
25%
coming
25%
eyes
25%
fine
25%
Giving
25%
look
25%
more
25%
nothing
25%
only
25%
say
25%
slowin'
25%
then
25%
there's
25%
already
0%
believe
0%
find
0%
said,
0%

Score Distribution

Percentile by Number Answered

Percent of People with Each Score

Your Score History

You have not taken this quiz